000 00553nam a2200169 a 4500
008 120416s1992 ||||||||||||||||| || u
020 _a0821320947
050 _aIBRD(02)
110 _aWorld Bank
245 1 0 _aGovernance and development
260 _aWashington, D. C.
_bWorld Bank
_c1992
300 _avi, 61p.
350 _a0.00
650 0 _aAFRICA--ECONOMIC CONDITIONS
650 _aGOVERNANCE
995 _D0.00
_FCBU-MAIN LIBRARY (Kitwe)
_H1
_I0.00
_M1
_UAVAILABLE
_ZAnnex Low-Usage Collection
999 _c44807
_d44807